000 00596nam a2200217Ia 4500
005 20241129105802.0
008 241129s9999||||xx |||||||||||||| ||und||
020 _a978-81-94765-63-9
037 _aTB
040 _aARTS
_beng
_cARTS
041 _aeng
_2eng
084 _aY72.2 R2
_qARTS
100 _aBaral Jagdish Au.
_9724735
245 0 _aTribal people and empowerment in India
_cBaral Jagdish Au.
260 _aDelhi, India
_bVenus Publications
_c2022
300 _a272p.
365 _aINR
_b1800
650 _aSociology
942 _cTB
_hY72.2 R2
999 _c1225930
_d1225930